1289 1579 1747 1135 1389 1174 1863 1759 1852 1949 1101 1981 1007 1479 1890 1153 1501 1400 1670 1695 1282 1054 1528 1993 1257 1075 1591 1029 1287 1388 1397 1356 1274 1145 1291 1003 1710 1718 1872 1617 1652 1488 1750 1841 1024 1214 1770 1319 1326 1989 1305 1190 1049 1252 1618 1049 1562 1512 1053 1349 1580 1500 1133 1394 1284 1077 1373 1603 1175 1343 1725 1063 1930 1599 1927 1062 1511 1857 1382 1103 1633 1254 1448 1429 1713 1418 1165 1724 1055 1078 1270 1489 1703 1425 1597 1750 1709 1236 1863 BCNSPRNW ULIB Ver.6.0+V

เปลี่ยนเป็นภาษาไทย

Change to English
 แสดงรายละเอียดบรรณานุกรม
  กลับหน้าหลัก

Brief Record : Get Marc (ISO 2709) : E-mail record : QR code < ปิดหน้าต่าง
LEADER : 00000nam 2200000uu 4500
001    13399122500
003     ULIB
008    111207s2550||||th 000 0 tha d
020    ^a9789748041575
090    ^aนว.^bL271ส
100 0  ^aLucky
245 00 ^aสงครามแห่งรัก/^cLucky
250    ^aพิมพ์ครั้งที่ 1
260    ^aกรุงเทพฯ :^bSugar Beat,^c2550
300    ^a381 หน้า
710 1  ^aSugar Beat
945    ^p240^l0^i19959
995    ^aทศพร
999 ^a ทศพร
รายการนี้ยังไม่มีแท็ก
คุณยังไม่ได้ล็อกอิน คุณสามารถมีกิจกรรมร่วมกับเว็บไซต์ได้ แต่ต้องล็อกอินก่อน ::
  ล็อกอิน

รายการสื่อสารสนเทศ

ลำดับที่ ประเภท เลขเรียก/บาร์โค้ด สถานที่ สถานะ
1. นวนิยาย
นวนิยาย
นว. L271ส ฉ.1 
  Barcode: 19959
ห้องสมุดวิทยาเขตสวรรค์ประชารักษ์
►นวนิยาย
บนชั้น
  ขอยืม

รายการใกล้เคียง
    ผู้แต่ง [Lucky]

BibComment


ยังไม่เคยถูกคอมเมนท์

คอมเมนท์ทรัพยากรรายการนี้
  คอมเมนท์: สงครามแห่งรัก Lu..


 Copyright 2026. Bcnsprnw @Library